000 02754nam0a2200373 4500
001 RU\NLR\bibl\1875538
005 20260408195816.0
010 _a978-5-9748-0319-2
_91000
021 _aRU
_b2012-9028
_9671
035 _a(NLR Aleph) 001865344
090 _a2587664
_c2587664
100 _a20120301d2012 |||y0rusy50 ca
101 0 _arus
102 _aRU
105 _ay |||||||||
200 1 _aСельскохозяйственные товаропроизводители: особенности налогообложения и учета
_eправила исчисления и уплаты: ЕСХН, налога на прибыль, страховых взносов во внебюджетные фонды, других налогов и взносов
_eдоходы и расходы, налоговая база, составление декларации
_eсложные вопросы. Практические примеры. Порядок перехода на уплату ЕСХН. Особенности налогообложения при применении ЕСХН индивидуальными предпринимателями
_e[пособие для высших и средних учебных заведений, факультетов и курсов повышения квалификации]
_fГ.Ю. Касьянова
_gАссоц. бухгалтеров, аудиторов и консультантов
205 _aИзд. 5-е, перераб. и доп.
_b[ориг. изд.]
210 _aМосква
_cАБАК
_d2012
215 _a172, [4] с.
_d21
225 1 _aПрактические рекомендации для бухгалтера и руководителя
_fпод общ. ред. Г.Ю. Касьяновой
225 1 _aНалоговый практикум
225 1 _aГарант
_iИнформационно-правовое обеспечение
300 _aНа обл. авт. не указан
606 1 _aСельское хозяйство
_jПрактические пособия
_xНалоговое обложение
_yРоссийская Федерация
_92203835
_3RU\NLR\auth\661324172
606 _aЕдиный сельскохозяйственный налог
_yРоссийская Федерация
_jПрактические пособия
_3RU\NLR\auth\661408603
_92358557
686 _aУ26(2)141.345я7
686 _aХ622.2я7
700 1 _4070
_8rus
_7ca
_aКасьянова
_bГ. Ю.
_gГалина Юрьевна
_3RU\NLR\auth\7717956
_91040
801 0 _aRU
_bNLR
_c20120301
_gRCR
801 1 _aRU
_bNLR
_c20120301
942 _cBOOK
980 _aNB
980 _aNBR